00804nam a2200241 i 45000010005000000030009000050050017000140080041000310200018000720800017000901000031001072450039001382500012001772600037001893000030002264900048002565040022003045860021003268300056003478520022004039990015004259520122004406024ES-MaACL20230906144751.0890629s1989 sp ||||1| spa d a84-7658-151-3 a86-311.1"19"1 aGranell, Eugenio F.95961710aLo que sucedió / cE.F. Granell. a1ª ed. aBarcelona : bAnthropos, c1989. a395 p. : bil. ; c20 cm.1 aMemoria rota. Exilios y heterodoxias ; v18 aBio-bibliografia. aDon Quijote 19671 aMemoria rota. Exilios y heterodoxias ; v189177283 aES-MaACLjL-11317 c6024d6024 00104070aATENEOMbATENEOMcDEPO2d2008-01-17eSCl0oL-11317p1006122r2023-02-23 00:00:00w2023-02-23yMONOGRAFIA